000 01753nam0a2200313 4500
001 RU\NLR\bibl\7509
005 20260406052810.0
021 _aRU
_b98-9311
_9437
035 _a(NLR Aleph) 000007324
090 _a22556
_c22556
100 _a19981111d1997 |||y0rusy50 ca
101 0 _arus
102 _aRU
105 _ay |||||||||
200 1 _aФизические основы ультразвуковой дефектоскопии
_eУчеб. пособие
_e[Для студентов специализации "Методы и приборы неразрушающего контроля" спец. "Автоматика, телемеханика и связь на ж.-д. трансп."]
_fГ.Я. Дымкин, С.Р. Цомук
_gМ-во путей сообщ. Рос. Федерации, Петерб. гос. ун-т путей сообщ.
210 _aСПб.
_cПГУПС
_d1997
215 _a101 с.
_cил.
_d20
320 _aБиблиогр.: с. 99
606 0 _aУльтразвуковая дефектоскопия
_jРуководства, пособия и т.п. для высшей школы.
_9964703
_3RU\NLR\auth\6641931
606 0 _aУльтразвуковая дефектоскопия
_jУчебные издания для высшей школы
_9964703
_3RU\NLR\auth\6641931
686 _aЖ3-1с322я73-1
700 1 _4070
_7ca
_8rus
_aДымкин
_bГ. Я.
_gГригорий Яковлевич
_9117607
_3RU\NLR\auth\777675
701 1 _4070
_7ca
_8rus
_aЦомук
_bС. Р.
_gСергей Роальдович
_9117610
_3RU\NLR\auth\777678
801 0 _aRU
_bNLR
_c19981111
_gPSBO
801 1 _aRU
_bNLR
_c19981111
830 _aавт.раскрыты по кн.
852 _aNLR
_j98-3/3886
942 _cBOOK
980 _aNB